[Event "Lichtenberger Sommer 2018"]
[Site "?"]
[Date "2018.08.25"]
[Round "8.95"]
[White "Torosyan, Bagrat"]
[Black "Lippianowski, Stefan"]
[Result "1-0"]
[WhiteElo "1309"]
[BlackElo "1090"]
[PlyCount "63"]
[EventDate "2018.??.??"]
[WhiteTeam "Schachpinguine Berlin"]
[BlackTeam "SV Mattnetz Berlin"]

1. e4 e5 2. Bc4 Nf6 3. Nf3 h6 4. O-O Nxe4 5. Nxe5 d5 6. Re1 Be6 7. Bb5+ c6 8.
Bd3 Bd6 9. Nf3 f5 10. Nc3 O-O 11. Nd4 Qb6 12. Bxe4 Qxd4 13. Bf3 Bc5 14. Rxe6
Qxf2+ 15. Kh1 Nd7 16. Qe1 Qd4 17. b3 Kh8 18. Bb2 Qf4 19. Na4 Bd6 20. Qg1 b5 21.
Nc3 Bc5 22. Qd1 Bd6 23. g3 Qb4 24. a3 Qd4 25. Rxd6 Nf6 26. Rb1 Qe5 27. Nxb5 Qe8
28. Nd4 Qe7 29. Nxf5 Qf7 30. Bxf6 gxf6 31. Nh4 Qe7 32. Ng6+ 1-0

[Event "Lichtenberger Sommer 2018"]
[Site "?"]
[Date "2018.08.25"]
[Round "8.96"]
[White "Wilke, Hans-Peter"]
[Black "Zoller, Julia"]
[Result "1-0"]
[WhiteElo "1515"]
[BlackElo "854"]
[PlyCount "77"]
[EventDate "2018.??.??"]
[WhiteTeam "Läufer Reinickendorf"]
[BlackTeam "SC Friesen Lichtenberg"]

1. d4 d5 2. Bf4 Nf6 3. e3 g6 4. Nf3 Bg7 5. c4 O-O 6. Nc3 c5 7. Nb5 Na6 8. dxc5
dxc4 9. Bxc4 Qxd1+ 10. Rxd1 Bd7 11. O-O Nxc5 12. a4 Ne6 13. Be5 Rfd8 14. Nbd4
Rac8 15. Nxe6 fxe6 16. Bb3 Bh6 17. Bxf6 exf6 18. Rxd7 Re8 19. Nd4 Bf8 20. Bxe6+
Kh8 21. Rxb7 Bg7 22. Bxc8 Rxc8 23. Ne6 Rg8 24. Rxa7 h5 25. Rd1 Rc8 26. Nxg7 Kh7
27. Ne8+ Kh6 28. Nxf6 g5 29. h3 Kg6 30. Rd6 Kf5 31. Ra5+ Kg6 32. Ne4+ Kg7 33.
Ra7+ Kf8 34. Nxg5 Ke8 35. Rdd7 Kf8 36. Ne6+ Kg8 37. Rg7+ Kh8 38. Rh7+ Kg8 39.
Rag7# 1-0

[Event "Lichtenberger Sommer 2018"]
[Site "?"]
[Date "2018.08.25"]
[Round "8.98"]
[White "Jouani, Zakharia"]
[Black "Paris, Gerhard"]
[Result "1-0"]
[WhiteElo "1243"]
[BlackElo "1455"]
[PlyCount "97"]
[EventDate "2018.??.??"]
[WhiteTeam "SK Zehlendorf"]
[BlackTeam "TSG Oberschöneweide"]

1. e4 e5 2. Nf3 d6 3. Bc4 Nf6 4. Ng5 d5 5. exd5 h6 6. Nf3 Nxd5 7. Nxe5 Be6 8.
Qe2 Be7 9. Qh5 Nf6 10. Qe2 Bxc4 11. Qxc4 O-O 12. O-O Bd6 13. d4 Nbd7 14. f4 Nb6
15. Qd3 Rc8 16. h3 c5 17. c3 c4 18. Qf3 Qc7 19. Na3 Bxa3 20. bxa3 Nfd7 21. Rb1
Nxe5 22. fxe5 Qc6 23. Qg3 Qg6 24. Rf3 Qxg3 25. Rxg3 Kh7 26. Rb2 Rc7 27. Rf2 Nd5
28. Bd2 Ne7 29. a4 Rc6 30. Bc1 Rg6 31. Rgf3 f5 32. Ba3 Re6 33. Bxe7 Rxe7 34.
Rxf5 Rxf5 35. Rxf5 Kg6 36. g4 Re6 37. d5 Re8 38. e6 h5 39. Kf2 hxg4 40. hxg4 a6
41. Kf3 b5 42. axb5 axb5 43. Kf4 b4 44. cxb4 c3 45. Re5 c2 46. Re1 Rc8 47. Rc1
Kf6 48. g5+ Ke7 49. Ke5 1-0

[Event "Lichtenberger Sommer 2018"]
[Site "?"]
[Date "2018.08.25"]
[Round "8.99"]
[White "Jiranek, Benno"]
[Black "Ruddat, Mathias"]
[Result "1-0"]
[WhiteElo "1469"]
[BlackElo "1399"]
[PlyCount "120"]
[EventDate "2018.??.??"]
[WhiteTeam "SC Kreuzberg"]
[BlackTeam "SV Rüdersdorf"]

1. d4 Nf6 2. c4 d5 3. cxd5 Nxd5 4. e4 Nb6 5. Nf3 Bg4 6. Be2 g6 7. h3 Bxf3 8.
Bxf3 Bg7 9. d5 O-O 10. Nc3 c6 11. O-O e6 12. dxe6 fxe6 13. Qb3 Qf6 14. Bg4 Re8
15. Re1 N8d7 16. Be3 h5 17. Be2 Qe5 18. f4 Qa5 19. Bd2 Nc5 20. Qc2 Nbd7 21. Nb5
Qb6 22. Nc3 Nxe4+ 23. Kh1 Bxc3 24. Bxc3 Ng3+ 25. Kh2 Nxe2 26. Rxe2 Kh7 27. Rae1
Qc7 28. Be5 Nxe5 29. Rxe5 Qf7 30. Rxh5+ Kg7 31. Rh4 Qf6 32. Rg4 Rh8 33. Re5 Rh6
34. Reg5 Rd8 35. h4 Rd5 36. Qc1 Rxg5 37. fxg5 Qe5+ 38. Kh3 Rh8 39. Qd2 Qd5 40.
Rd4 Qf5+ 41. Kg3 Qe5+ 42. Kf2 Rf8+ 43. Kg1 Qc5 44. Kh2 Qe5+ 45. Kg1 Qc5 46. Kh2
Qe5+ 47. g3 Qf5 48. Rf4 Qd5 49. Rxf8 Kxf8 50. Qf4+ Qf5 51. Qb8+ Kg7 52. Qxb7+
Qf7 53. Qxf7+ Kxf7 54. g4 e5 55. Kg3 Ke6 56. Kf3 a5 57. Ke4 c5 58. h5 gxh5 59.
gxh5 a4 60. a3 c4 1-0

[Event "Lichtenberger Sommer 2018"]
[Site "?"]
[Date "2018.08.25"]
[Round "8.100"]
[White "Toth, Hans-Jürgen"]
[Black "Dittrich, Hans-Jürgen"]
[Result "1-0"]
[WhiteElo "1452"]
[BlackElo "1307"]
[PlyCount "41"]
[EventDate "2018.??.??"]
[WhiteTeam "SF Zehdenick"]
[BlackTeam "SC Eintracht Berlin"]

1. f4 e6 2. Nf3 Nc6 3. e3 Nf6 4. b3 b6 5. Bb5 Bb7 6. O-O a6 7. Bxc6 dxc6 8. Bb2
Nd7 9. d4 Bd6 10. Na3 O-O 11. Nc4 b5 12. Na5 Rb8 13. Nxb7 Rxb7 14. a4 b4 15. a5
h6 16. c4 bxc3 17. Bxc3 Rxb3 18. Qxb3 Qb8 19. Qxb8 Rxb8 20. Rfb1 Rxb1+ 21. Rxb1
1-0

[Event "Lichtenberger Sommer 2018"]
[Site "?"]
[Date "2018.08.25"]
[Round "8.101"]
[White "Motsch, Sebastian"]
[Black "Koerber, Bernhard"]
[Result "0-1"]
[WhiteElo "1292"]
[BlackElo "1552"]
[PlyCount "70"]
[EventDate "2018.??.??"]
[WhiteTeam "vereinslos"]
[BlackTeam "Lasker Steglitz-Wilmersdorf"]

1. e4 e6 2. Nf3 d5 3. exd5 exd5 4. Be2 c5 5. b3 Nf6 6. d4 Nc6 7. c4 Be6 8. Bb2
Be7 9. O-O O-O 10. Nc3 dxc4 11. bxc4 cxd4 12. Nb5 Bc5 13. Nbxd4 Nxd4 14. Nxd4
Bxd4 15. Bxd4 Qe7 16. Qc2 Rfd8 17. Be3 b6 18. Bg5 Rac8 19. Bd3 g6 20. Qc3 Kg7
21. Rfe1 Rc5 22. Bh4 Rdc8 23. Re4 Qd8 24. Rf4 Bf5 25. Bxf5 Rxf5 26. Rxf5 gxf5
27. Re1 b5 28. Qa1 Rxc4 29. Rd1 Qb6 30. Rd3 Rxh4 31. Rg3+ Kf8 32. Qe5 Re4 33.
Qa1 Qd4 34. Qc1 Ng4 35. h3 Qxf2+ 0-1

[Event "Lichtenberger Sommer 2018"]
[Site "?"]
[Date "2018.08.26"]
[Round "9.1"]
[White "Hacker, Jonas"]
[Black "Ahmadinia, Ebrahim"]
[Result "1/2-1/2"]
[WhiteElo "2316"]
[BlackElo "2418"]
[PlyCount "25"]
[EventDate "2018.??.??"]
[WhiteTeam "SC Eppingen"]
[BlackTeam "SF 1903 Berlin"]

1. e4 e5 2. Nf3 Nc6 3. Bb5 a6 4. Ba4 d6 5. c3 Bd7 6. d4 Nf6 7. d5 Ne7 8. Bxd7+
Qxd7 9. Nbd2 g6 10. O-O Bh6 11. c4 O-O 12. Re1 Nh5 13. c5 1/2-1/2

[Event "Lichtenberger Sommer 2018"]
[Site "?"]
[Date "2018.08.26"]
[Round "9.2"]
[White "Stern, René"]
[Black "Sieglen, Joachim"]
[Result "1-0"]
[WhiteElo "2519"]
[BlackElo "2196"]
[PlyCount "73"]
[EventDate "2018.??.??"]
[WhiteTeam "SK König Tegel"]
[BlackTeam "SC Untergrombach"]

1. Nf3 d5 2. d4 Nf6 3. c4 c6 4. e3 Bg4 5. h3 Bxf3 6. Qxf3 e6 7. Nc3 Be7 8. Bd3
Nbd7 9. O-O O-O 10. Rd1 Rc8 11. Qe2 Qb6 12. b3 e5 13. dxe5 Nxe5 14. Bf5 Rcd8
15. cxd5 cxd5 16. Bb2 Nc6 17. Na4 Qa5 18. Bc3 Qc7 19. Rac1 Ne4 20. Bxe4 dxe4
21. Qg4 g6 22. Qxe4 Ba3 23. Rb1 b5 24. Nb2 Rfe8 25. Qh4 Be7 26. Qh6 f6 27. Nd3
Ne5 28. Bxe5 fxe5 29. Rdc1 Qd6 30. Nc5 Qb6 31. Ne4 Rd7 32. Rd1 Rxd1+ 33. Rxd1
Rd8 34. Rc1 Qb7 35. Ng5 Bf6 36. Ne6 Rc8 37. Rc7 1-0

[Event "Lichtenberger Sommer 2018"]
[Site "?"]
[Date "2018.08.26"]
[Round "9.3"]
[White "Hesse, Henrik"]
[Black "Berger, Steve"]
[Result "1/2-1/2"]
[WhiteElo "2137"]
[BlackElo "2428"]
[PlyCount "112"]
[EventDate "2018.??.??"]
[WhiteTeam "SV Mattnetz Berlin"]
[BlackTeam "SK König Tegel"]

1. c4 c5 2. g3 g6 3. Bg2 Bg7 4. Nc3 Nc6 5. a3 e6 6. Rb1 Nge7 7. b4 cxb4 8. axb4
d5 9. cxd5 exd5 10. b5 Na5 11. Ba3 d4 12. Bxe7 Qxe7 13. Nd5 Qd8 14. b6 axb6 15.
Nxb6 Ra6 16. Qa4+ Bd7 17. Qxd7+ Qxd7 18. Nxd7 Kxd7 19. Nh3 Re8 20. Nf4 Rd6 21.
Rb5 b6 22. Nd5 d3 23. e3 Rc8 24. O-O Nc4 25. Rd1 Kd8 26. Be4 f5 27. Bg2 Rc5 28.
Rxc5 bxc5 29. Rc1 Nxd2 30. Rd1 c4 31. Rxd2 c3 32. Nxc3 Bxc3 33. Rd1 Ke7 34. Bf1
d2 35. Be2 Rb6 36. Kg2 Kd6 37. Kf3 Ke5 38. Bd3 g5 39. Ke2 Rh6 40. Rh1 g4 41.
Kd1 Bb4 42. Ke2 Rc6 43. Rd1 Rc5 44. Bb1 h5 45. Bd3 Kf6 46. Rf1 Rc1 47. Rd1 Kg5
48. Ba6 h4 49. Bd3 h3 50. Bb5 Kf6 51. Bd3 Ke5 52. Bb5 Rc5 53. Bd3 Kd6 54. Bb1
Ba5 55. Bd3 Kc6 56. Ba6 Kd6 1/2-1/2

[Event "Lichtenberger Sommer 2018"]
[Site "?"]
[Date "2018.08.26"]
[Round "9.4"]
[White "Gullaksen, Eirik"]
[Black "Syre, Christian"]
[Result "1-0"]
[WhiteElo "2357"]
[BlackElo "2184"]
[PlyCount "75"]
[EventDate "2018.??.??"]
[WhiteTeam "Bergens Schakklub"]
[BlackTeam "TSG Oberschöneweide"]

1. e4 c5 2. Nf3 Nc6 3. Bb5 g6 4. Bxc6 dxc6 5. d3 Bg7 6. h3 e5 7. Be3 b6 8. a4
Ne7 9. a5 Rb8 10. Nbd2 O-O 11. O-O h6 12. axb6 axb6 13. Nc4 Qc7 14. Nh2 Be6 15.
Qc1 g5 16. h4 gxh4 17. f4 Ng6 18. f5 Bxc4 19. dxc4 Nf4 20. Bxf4 exf4 21. Rxf4
Bf6 22. Nf3 Bg5 23. Nxg5 hxg5 24. Rxh4 f6 25. Rh6 Kg7 26. Rg6+ Kf7 27. Qd1 Rh8
28. Ra7 Qxa7 29. Qd6 Ke8 30. Qxf6 Rf8 31. Qe5+ Kd8 32. Qd6+ Ke8 33. Qxc6+ Kd8
34. Qd6+ Ke8 35. Qe5+ Kd8 36. Rg7 Rb7 37. Qd6+ Ke8 38. Qc6+ 1-0

[Event "Lichtenberger Sommer 2018"]
[Site "?"]
[Date "2018.08.26"]
[Round "9.5"]
[White "Joppien, Arne"]
[Black "Florstedt, Johannes"]
[Result "0-1"]
[WhiteElo "1921"]
[BlackElo "2306"]
[PlyCount "50"]
[EventDate "2018.??.??"]
[WhiteTeam "TSV Cadenberge"]
[BlackTeam "SF 1903 Berlin"]

1. d4 Nf6 2. c4 g6 3. Nc3 d5 4. Nf3 Bg7 5. Bg5 dxc4 6. e3 Be6 7. Ne5 Nd5 8.
Nxc4 c5 9. Rc1 Nc6 10. dxc5 Nxc3 11. Qxd8+ Rxd8 12. bxc3 Rd5 13. Bf4 Rxc5 14.
Na3 Bxc3+ 15. Kd1 O-O 16. Bd3 Nb4 17. Ke2 Nxd3 18. Kxd3 Rd8+ 19. Ke2 Bg4+ 20.
f3 Rd2+ 21. Kf1 Be6 22. Nb1 Bb4 23. Re1 Rxa2 24. Rd1 Rcc2 25. Bh6 Rf2+ 0-1

[Event "Lichtenberger Sommer 2018"]
[Site "?"]
[Date "2018.08.26"]
[Round "9.6"]
[White "Wierzbicki, Jirawat"]
[Black "Boetzer, Detlef"]
[Result "1/2-1/2"]
[WhiteElo "2187"]
[BlackElo "2218"]
[PlyCount "71"]
[EventDate "2018.??.??"]
[WhiteTeam "SK König Tegel"]
[BlackTeam "SC Rotation Pankow"]

1. e4 e6 2. d3 d5 3. Qe2 Nf6 4. Nf3 Be7 5. g3 c5 6. Bg2 O-O 7. O-O b5 8. e5
Nfd7 9. c4 bxc4 10. dxc4 Ba6 11. b3 Nb6 12. Na3 Nc6 13. Nb5 Qd7 14. Bd2 Rad8
15. a4 Bb7 16. a5 Nc8 17. a6 Ba8 18. Rfd1 Nb6 19. Ng5 Nd4 20. Nxd4 cxd4 21. Qd3
Bxg5 22. Bxg5 dxc4 23. bxc4 Rc8 24. Bxa8 Rxa8 25. c5 Nd5 26. Qxd4 Qc6 27. Qg4
Kh8 28. Qc4 Rab8 29. Rab1 Rfc8 30. Rdc1 h6 31. Bd2 Nc7 32. Rb7 Rxb7 33. axb7
Qxb7 34. c6 Qb5 35. Qd4 Qd5 36. Qxd5 1/2-1/2

[Event "Lichtenberger Sommer 2018"]
[Site "?"]
[Date "2018.08.26"]
[Round "9.7"]
[White "Polatel, Ali"]
[Black "Jeremic, Dusan"]
[Result "1-0"]
[WhiteElo "2230"]
[BlackElo "2123"]
[PlyCount "45"]
[EventDate "2018.??.??"]
[WhiteTeam "SC Zugzwang 95 (Berlin)"]
[BlackTeam "SF 1903 Berlin"]

1. Nf3 b6 2. e4 Bb7 3. Bd3 Nc6 4. c3 e5 5. O-O Nf6 6. Re1 Be7 7. Bb5 O-O 8. d4
d6 9. Qa4 Nb8 10. dxe5 dxe5 11. Nxe5 Nxe4 12. Rxe4 Bxe4 13. Qxe4 Qd1+ 14. Bf1
Qxc1 15. Nd3 Qg5 16. Qxa8 c5 17. Na3 b5 18. c4 b4 19. Nc2 Qd2 20. Ne3 b3 21.
axb3 Bf6 22. Qxa7 Bd4 23. Rd1 1-0

[Event "Lichtenberger Sommer 2018"]
[Site "?"]
[Date "2018.08.26"]
[Round "9.8"]
[White "Kapp, Martin"]
[Black "Hamann, Carsten"]
[Result "1-0"]
[WhiteElo "2233"]
[BlackElo "2141"]
[PlyCount "93"]
[EventDate "2018.??.??"]
[WhiteTeam "SV Erzgebirge Stollberg"]
[BlackTeam "Preetzer TSV"]

1. b3 Nf6 2. Bb2 d6 3. d4 g6 4. g3 Bg7 5. Bg2 O-O 6. Nf3 Nbd7 7. Nbd2 c5 8. c4
Rb8 9. O-O a6 10. Rc1 b6 11. Rc2 Bb7 12. d5 b5 13. Ne1 Nb6 14. e4 Bc8 15. Nd3
e5 16. f4 Ng4 17. Qe1 bxc4 18. bxc4 exf4 19. Bxg7 Kxg7 20. gxf4 f6 21. h3 Nh6
22. Qg3 Nd7 23. Nf3 Qa5 24. f5 Qa4 25. Rc3 Nf7 26. fxg6 hxg6 27. Nf4 Nde5 28.
Nh5+ Kh6 29. Nxf6 Nxf3+ 30. Rcxf3 g5 31. h4 Qxc4 32. hxg5+ Kg6 33. Nh5 Qd4+ 34.
Kh1 Kxh5 35. Qh2+ Kg6 36. Rf6+ Kg7 37. g6 Rh8 38. Rxf7+ Kxg6 39. R7f6+ Kg7 40.
Rf7+ Kg6 41. R1f6+ Kg5 42. Rg7+ Kxf6 43. Qxh8 Rb1+ 44. Bf1 Qxe4+ 45. Kh2 Qf5
46. Rb7+ Kg5 47. Qg7+ 1-0

[Event "Lichtenberger Sommer 2018"]
[Site "?"]
[Date "2018.08.26"]
[Round "9.9"]
[White "Teh, Eu Wen Aron"]
[Black "Nohr, Jonas"]
[Result "1-0"]
[WhiteElo "2286"]
[BlackElo "2100"]
[PlyCount "79"]
[EventDate "2018.??.??"]
[WhiteTeam "Imperial College Chess Club"]
[BlackTeam "Königsjäger Süd-West"]

1. d4 d5 2. c4 c6 3. cxd5 cxd5 4. Nc3 Nf6 5. Bf4 e6 6. e3 a6 7. Bd3 Nc6 8. Rc1
Bd6 9. Bxd6 Qxd6 10. f4 b5 11. Nf3 Bb7 12. Ne5 Ne7 13. O-O Ne4 14. Bxb5+ axb5
15. Nxb5 Qd8 16. Nc7+ Kf8 17. Nxa8 Bxa8 18. Qa4 f6 19. Qd7 Qxd7 20. Nxd7+ Kf7
21. Rc7 Nd2 22. Rfc1 Nc4 23. Ra7 Bc6 24. b3 Rd8 25. Nxf6 Kxf6 26. bxc4 h5 27.
c5 Rb8 28. a4 Nf5 29. Ra6 Ne7 30. Ra1 Rb3 31. Rb6 Rxe3 32. a5 Rd3 33. a6 Ba8
34. Rb8 Bc6 35. a7 Nf5 36. Ra6 Ne3 37. Rxc6 Ng4 38. Rf8+ Kg6 39. Rxe6+ Kh7 40.
Re1 1-0

[Event "Lichtenberger Sommer 2018"]
[Site "?"]
[Date "2018.08.26"]
[Round "9.10"]
[White "Petersen, Soren Boeck"]
[Black "Heerde, Thomas"]
[Result "1-0"]
[WhiteElo "2212"]
[BlackElo "2005"]
[PlyCount "107"]
[EventDate "2018.??.??"]
[WhiteTeam "Damhus Skakklub"]
[BlackTeam "SK Zehlendorf"]

1. e4 g6 2. d4 Bg7 3. Nf3 d6 4. Be2 Nf6 5. Nc3 O-O 6. O-O Nbd7 7. Bf4 Nh5 8.
Be3 e5 9. Qd2 c6 10. Rad1 Qa5 11. dxe5 dxe5 12. Qd6 Nf4 13. Bc4 Nb6 14. Nd2 Bg4
15. Nb3 Nxc4 16. Nxa5 Nxd6 17. Rxd6 Rad8 18. Rxd8 Rxd8 19. f3 Bc8 20. Bxa7 Be6
21. Be3 Bh6 22. Kf2 Ra8 23. Nb3 b5 24. a3 Bf8 25. g3 Nh5 26. Nc5 Ng7 27. Nd3
Bc4 28. Rd1 Ne6 29. Nxe5 Bg7 30. Nxc4 bxc4 31. Bd2 Rd8 32. Bc1 Ra8 33. Ne2 Rb8
34. c3 Nc5 35. Ke3 Nd3 36. Rxd3 cxd3 37. Kxd3 f5 38. b4 fxe4+ 39. fxe4 c5 40.
bxc5 Bf8 41. Bg5 Rd8+ 42. Kc4 Rc8 43. Be3 Re8 44. Nd4 Rxe4 45. Bf4 g5 46. Kd5
Re8 47. Bd6 Kf7 48. c6 Be7 49. c7 g4 50. Nb5 Ra8 51. Bxe7 Kxe7 52. Na7 Rc8 53.
Nxc8+ Kd7 54. Ke4 1-0

[Event "Lichtenberger Sommer 2018"]
[Site "?"]
[Date "2018.08.26"]
[Round "9.11"]
[White "Postler, Reinhard"]
[Black "Elsing, Jan"]
[Result "1-0"]
[WhiteElo "2251"]
[BlackElo "2129"]
[PlyCount "93"]
[EventDate "2018.??.??"]
[WhiteTeam "TSG Oberschöneweide"]
[BlackTeam "SC Friesen Lichtenberg"]

1. e4 Nf6 2. e5 Nd5 3. d4 d6 4. Nf3 Bg4 5. Be2 e6 6. O-O Be7 7. c4 Nb6 8. exd6
cxd6 9. Be3 Nc6 10. d5 exd5 11. cxd5 Nb8 12. Nc3 N8d7 13. Qd4 Nf6 14. h3 Bxf3
15. Bxf3 Nbd7 16. Qb4 b6 17. Bf4 Nc5 18. Rfe1 O-O 19. Be2 Nfd7 20. Nb5 Ne5 21.
Bxe5 dxe5 22. d6 Bf6 23. Rad1 a5 24. Qc4 Rb8 25. Bf3 e4 26. Bxe4 Nxe4 27. Rxe4
Bxb2 28. Re7 Bf6 29. Rc7 Qe8 30. Qd5 Qe6 31. Na7 Bd8 32. Qxe6 fxe6 33. Rd7 b5
34. Nc6 Ra8 35. Rb7 Ra6 36. Rc1 Rb6 37. Nxd8 Rxd6 38. Nc6 Rd2 39. Ne7+ Kh8 40.
Rxb5 Rxa2 41. Rc8 Rxc8 42. Nxc8 a4 43. Nd6 g6 44. Rb7 a3 45. Ne4 Kg8 46. Ra7
Ra1+ 47. Kh2 1-0

[Event "Lichtenberger Sommer 2018"]
[Site "?"]
[Date "2018.08.26"]
[Round "9.12"]
[White "Kohler, Thomas"]
[Black "Böttcher, Patrick"]
[Result "1/2-1/2"]
[WhiteElo "2161"]
[BlackElo "2100"]
[PlyCount "38"]
[EventDate "2018.??.??"]
[WhiteTeam "SC Zitadelle Spandau"]
[BlackTeam "SC Zitadelle Spandau"]

1. Nf3 c5 2. c4 Nc6 3. g3 g6 4. Bg2 Bg7 5. Nc3 e5 6. a3 Nge7 7. Rb1 a5 8. O-O
d6 9. d3 O-O 10. Bd2 Rb8 11. Ne1 Be6 12. Nc2 d5 13. cxd5 Nxd5 14. Nxd5 Bxd5 15.
Bxd5 Qxd5 16. b4 cxb4 17. axb4 axb4 18. Nxb4 Nxb4 19. Rxb4 b5 1/2-1/2

[Event "Lichtenberger Sommer 2018"]
[Site "?"]
[Date "2018.08.26"]
[Round "9.14"]
[White "Dathe, Frederick"]
[Black "McGowan, Daniel"]
[Result "1/2-1/2"]
[WhiteElo "2007"]
[BlackElo "2139"]
[PlyCount "69"]
[EventDate "2018.??.??"]
[WhiteTeam "SC Kreuzberg"]
[BlackTeam "SF 1903 Berlin"]

1. Nf3 d5 2. g3 Nf6 3. Bg2 Bf5 4. O-O e6 5. c4 c6 6. b3 h6 7. Bb2 Be7 8. d3 O-O
9. Nbd2 Nbd7 10. a3 a5 11. Ra2 Bh7 12. Qa1 Ne8 13. Rc1 Qb6 14. Bc3 Bc5 15. d4
Be7 16. c5 Qa7 17. b4 axb4 18. Bxb4 Nc7 19. a4 Rfe8 20. Qb2 Bf6 21. Ne5 Nxe5
22. dxe5 Be7 23. Nb3 Rab8 24. Ba5 Na6 25. Bb6 Qa8 26. Nd4 Rbc8 27. Ra3 Nb8 28.
Re3 Nd7 29. Rb3 Bg6 30. Ra1 Bd8 31. Nb5 cxb5 32. axb5 Qb8 33. Ba7 Qc7 34. Bb6
Qb8 35. Ba7 1/2-1/2

[Event "Lichtenberger Sommer 2018"]
[Site "?"]
[Date "2018.08.26"]
[Round "9.15"]
[White "Hahlbohm, Matthias"]
[Black "Vogel, Robert"]
[Result "0-1"]
[WhiteElo "2112"]
[BlackElo "2134"]
[PlyCount "78"]
[EventDate "2018.??.??"]
[WhiteTeam "TSG Oberschöneweide"]
[BlackTeam "SG Pang-Rosenheim"]

1. e4 c5 2. Nf3 Nc6 3. d4 cxd4 4. Nxd4 Nf6 5. Nc3 d6 6. Be2 e6 7. O-O Be7 8.
Be3 O-O 9. Nb3 b6 10. f4 Bb7 11. Bf3 Rc8 12. Qe2 Qc7 13. Rfd1 Qb8 14. Qf2 Qa8
15. a4 Nb4 16. Rd4 d5 17. e5 Nd7 18. Rd2 Ba6 19. Nb5 Nc5 20. N3d4 Ne4 21. Bxe4
dxe4 22. f5 Nd5 23. c3 Qb8 24. f6 gxf6 25. Bh6 Qxe5 26. Re2 f5 27. Bxf8 Bxf8
28. Kh1 Kh8 29. Ree1 Bb7 30. Nxa7 Ra8 31. Nab5 Be7 32. Re2 Rg8 33. Rg1 Rg6 34.
b4 Rh6 35. h3 Nf4 36. Re3 Nd3 37. Qe2 Nf4 38. Qf2 Nh5 39. Rge1 f4 0-1

[Event "Lichtenberger Sommer 2018"]
[Site "?"]
[Date "2018.08.26"]
[Round "9.16"]
[White "Eberlein, Johann"]
[Black "Stark, Ingo"]
[Result "0-1"]
[WhiteElo "1936"]
[BlackElo "2107"]
[PlyCount "136"]
[EventDate "2018.??.??"]
[WhiteTeam "BSV 63 Chemie Weißensee"]
[BlackTeam "TSG Oberschöneweide"]

1. Nc3 c5 2. Nf3 Nf6 3. d4 cxd4 4. Nxd4 a6 5. e4 d6 6. g3 e5 7. Nde2 Be7 8. Bg2
Nbd7 9. O-O b5 10. Bg5 Bb7 11. Bxf6 Nxf6 12. Nd5 Nxd5 13. exd5 O-O 14. Qd2 Rc8
15. Rad1 Qb6 16. Kh1 b4 17. c3 a5 18. a3 Ba6 19. axb4 axb4 20. cxb4 Rc4 21. b5
Qxb5 22. Nc3 Qb4 23. Rfe1 Rd4 24. Qc2 Rb8 25. Rxd4 Qxd4 26. h4 g6 27. Ra1 Qb6
28. Qd2 Bc4 29. Rb1 Qb4 30. Be4 Bd8 31. h5 Kg7 32. f4 f5 33. h6+ Kf8 34. Bg2
Bf6 35. Ra1 e4 36. Ra4 Qb3 37. Ra3 Qxb2 38. Qxb2 Rxb2 39. Ra8+ Kf7 40. Ra7+ Be7
41. Rc7 Bd3 42. Rc8 Bf6 43. Rc7+ Ke8 44. Na4 Ra2 45. Nb6 Bd8 46. Rxh7 Bxb6 47.
Rg7 Bd4 48. Rxg6 Ke7 49. h7 Ra5 50. Rg8 Rxd5 51. h8=Q Bxh8 52. Rxh8 Ra5 53. Kg1
e3 54. Ra8 Rxa8 55. Bxa8 Ke6 56. Bc6 d5 57. Kg2 Kd6 58. Bb7 Be4+ 59. Kf1 Bf3
60. Ke1 Kc5 61. Bc8 Bg4 62. Ba6 Kd4 63. Bb7 Kc4 64. Ba6+ Kc3 65. Be2 Bxe2 66.
Kxe2 d4 67. g4 fxg4 68. f5 g3 0-1

[Event "Lichtenberger Sommer 2018"]
[Site "?"]
[Date "2018.08.26"]
[Round "9.18"]
[White "Amelang, Thomas"]
[Black "Heppert, Lars"]
[Result "1-0"]
[WhiteElo "2177"]
[BlackElo "1925"]
[PlyCount "53"]
[EventDate "2018.??.??"]
[WhiteTeam "Münchener SC"]
[BlackTeam "SK Neuburg"]

1. e4 c5 2. Nc3 Nc6 3. g3 g6 4. d3 Bg7 5. Be3 Nd4 6. Qd2 Nf6 7. h3 d6 8. Nce2
e5 9. c3 Ne6 10. Bg2 Rb8 11. f4 exf4 12. Nxf4 O-O 13. Nge2 b5 14. O-O Bb7 15.
Rf2 Qd7 16. Raf1 Nc7 17. g4 g5 18. Nh5 Nxh5 19. gxh5 h6 20. Ng3 f6 21. d4 Qc6
22. e5 d5 23. Nf5 Qd7 24. Nxg7 cxd4 25. Bxd4 Qxg7 26. Rxf6 Rxf6 27. Rxf6 1-0

[Event "Lichtenberger Sommer 2018"]
[Site "?"]
[Date "2018.08.26"]
[Round "9.19"]
[White "Silz, Elisa"]
[Black "Kunz, Andre"]
[Result "1/2-1/2"]
[WhiteElo "2002"]
[BlackElo "2159"]
[PlyCount "70"]
[EventDate "2018.??.??"]
[WhiteTeam "SV Empor Berlin"]
[BlackTeam "BSV 63 Chemie Weißensee"]

1. d4 d5 2. c4 dxc4 3. Nf3 Nf6 4. e3 Bg4 5. Bxc4 e6 6. h3 Bh5 7. O-O a6 8. Nc3
Nc6 9. Qe2 Bd6 10. Rd1 Qe7 11. e4 Bb4 12. g4 Bxc3 13. bxc3 Bg6 14. Nd2 e5 15.
d5 Na5 16. a4 Nd7 17. Ba3 Qf6 18. Bd3 h5 19. Kg2 Qf4 20. Bb4 hxg4 21. Qxg4 b6
22. Bxa5 bxa5 23. Qxf4 exf4 24. f3 Nc5 25. Nc4 Rh5 26. Bf1 Kd7 27. d6 Rb8 28.
dxc7+ Kxc7 29. Rab1 Rxb1 30. Rxb1 Nxe4 31. Re1 Rg5+ 32. Kh2 Ng3 33. Bg2 Rc5 34.
Ne5 Bh5 35. Nd3 Rf5 1/2-1/2

[Event "Lichtenberger Sommer 2018"]
[Site "?"]
[Date "2018.08.26"]
[Round "9.20"]
[White "Deutschbein, Christopher"]
[Black "Albert, Jörg"]
[Result "1/2-1/2"]
[WhiteElo "1990"]
[BlackElo "2141"]
[PlyCount "33"]
[EventDate "2018.??.??"]
[WhiteTeam "Eckernförder SC"]
[BlackTeam "SV Eiche Reichenbrand"]

1. Nf3 d5 2. g3 Nf6 3. Bg2 e6 4. O-O Be7 5. d3 O-O 6. Nbd2 c5 7. e4 Nc6 8. e5
Nd7 9. Re1 Qc7 10. Qe2 b6 11. h4 Bb7 12. Nf1 Rae8 13. Bf4 Qd8 14. N1h2 f6 15.
Bh3 f5 16. c3 h6 17. Qd2 1/2-1/2

[Event "Lichtenberger Sommer 2018"]
[Site "?"]
[Date "2018.08.26"]
[Round "9.22"]
[White "Jaeger, Andre"]
[Black "Meyer-Dunker, Paul"]
[Result "0-1"]
[WhiteElo "1974"]
[BlackElo "2017"]
[PlyCount "84"]
[EventDate "2018.??.??"]
[WhiteTeam "SC Rochade (Berlin)"]
[BlackTeam "SC Friesen Lichtenberg"]

1. d4 d5 2. c4 dxc4 3. Nf3 a6 4. e3 Nf6 5. Bxc4 e6 6. Qe2 c5 7. dxc5 Bxc5 8.
O-O b5 9. Bd3 Bb7 10. Bxb5+ Nbd7 11. Ba4 O-O 12. Rd1 Qc7 13. Nc3 Rfd8 14. h3
Ne5 15. Nd4 Ng6 16. Nf3 Rxd1+ 17. Bxd1 Rd8 18. Qc4 Rxd1+ 19. Nxd1 Bxf3 20. gxf3
Qe5 21. f4 Qh5 22. Qf1 Nh4 23. Nc3 Nf3+ 24. Kh1 Bb4 25. a3 Bxc3 26. bxc3 Ne4
27. Ra2 Nh4 28. c4 Qf3+ 29. Kg1 g5 30. fxg5 Nxg5 31. Rb2 Nxh3+ 32. Kh2 Qg4 33.
Rb8+ Kg7 34. Bb2+ f6 35. Rb7+ Kg6 36. Qd3+ Nf5 37. Qf1 Ng5 38. Qg2 Qh5+ 39. Kg1
Qd1+ 40. Kh2 Nh4 41. Qc6 Nhf3+ 42. Kg3 Qg1+ 0-1

[Event "Lichtenberger Sommer 2018"]
[Site "?"]
[Date "2018.08.26"]
[Round "9.23"]
[White "Schliebener, Stephan"]
[Black "Bornschein, Burkhard"]
[Result "1/2-1/2"]
[WhiteElo "2131"]
[BlackElo "1971"]
[PlyCount "54"]
[EventDate "2018.??.??"]
[WhiteTeam "BSV 63 Chemie Weißensee"]
[BlackTeam "BSC Rehberge"]

1. c4 Nf6 2. Nc3 e6 3. d4 d5 4. cxd5 exd5 5. Bg5 Be7 6. e3 c6 7. Bd3 O-O 8.
Nge2 Ne4 9. Bxe7 Qxe7 10. Bxe4 dxe4 11. Qc2 f5 12. d5 Qc5 13. Rd1 Rd8 14. O-O
cxd5 15. Nf4 Nc6 16. Nfxd5 Be6 17. Nc7 Nd4 18. Nxe6 Nxe6 19. Qb3 Qe7 20. Nd5
Qf7 21. Rc1 Rd7 22. Rfd1 Rad8 23. h4 b6 24. Nb4 Nc5 25. Rxd7 Rxd7 26. Qxf7+
Kxf7 27. Rc2 Rd6 1/2-1/2